[Event "WchT Seniors 65"]
[Site "Struga"]
[Date "2023.09.24"]
[Round "6.2"]
[White "Staechelin, Ruedi"]
[Black "Eriksson, Magnus"]
[Result "0-1"]
[WhiteElo "2019"]
[BlackElo "1975"]
[PlyCount "86"]
[EventDate "2023.09.19"]
[EventType "team-swiss"]
[EventRounds "9"]
[EventCountry "MKD"]
[SourceTitle "EXT 2024"]
[Source "ChessBase"]
[SourceDate "2023.10.10"]
[SourceVersion "1"]
[SourceVersionDate "2023.10.10"]
[SourceQuality "1"]
[WhiteTeam "Switzerland Riehen 65"]
[BlackTeam "Sweden 65"]
[WhiteTeamCountry "SUI"]
[BlackTeamCountry "SWE"]

1. e4 e6 2. d3 d5 3. Nd2 Nf6 4. g3 Nc6 5. Bg2 Bc5 6. c3 dxe4 7. d4 Be7 8. Nxe4 e5 9. Nxf6+ Bxf6 10. d5 Ne7 11. Be3 Qd6 12. Qb3 0-0 13. Rd1 Nf5 14. Bc1 Re8 15. Ne2 Qa6 16. Bf1 Bd7 17. Ng1 Qb6 18. Bd3 Qxb3 19. axb3 Nd6 20. Ne2 Bg4 21. Bc2 Bf3 22. Rf1 Rad8 23. Be3 b6 24. Rd2 Nb5 25. c4 Nd4 26. Bxd4 exd4 27. Bd3 Re7 28. Kd1 Rde8 29. Re1 a5 30. Rc2 Bg5 31. Rg1 h5 32. h3 g6 33. h4 Bh6 34. Rf1 f5 35. Rg1 Kf7 36. Rf1 Kf6 37. Re1 Ke5 38. Rg1 Kd6 39. g4 hxg4 40. Re1 Ke5 41. Rg1 Kf6 42. Ke1 Bxe2 43. Rxe2 Rxe2+ 0-1

[Event "WchT Seniors 65"]
[Site "Struga"]
[Date "2023.09.19"]
[Round "1.2"]
[White "Olesen, Christer"]
[Black "Staechelin, Ruedi"]
[Result "1-0"]
[WhiteElo "1857"]
[BlackElo "2019"]
[PlyCount "85"]
[EventDate "2023.09.19"]
[EventType "team-swiss"]
[EventRounds "9"]
[EventCountry "MKD"]
[SourceTitle "EXT 2024"]
[Source "ChessBase"]
[SourceDate "2023.10.10"]
[SourceVersion "1"]
[SourceVersionDate "2023.10.10"]
[SourceQuality "1"]
[WhiteTeam "Sweden Skane 65"]
[BlackTeam "Switzerland Riehen 65"]
[WhiteTeamCountry "SWE"]
[BlackTeamCountry "SUI"]

1. d4 d5 2. Bf4 c6 3. e3 Qb6 4. Qc1 Bf5 5. Nf3 h6 6. Be2 Nf6 7. h3 e6 8. 0-0 Nbd7 9. c4 dxc4 10. Bxc4 Be7 11. Nc3 0-0 12. Re1 Ne4 13. Nxe4 Bxe4 14. Ne5 Nxe5 15. Bxe5 Bg6 16. a3 a5 17. Qc3 Rfc8 18. Rac1 Qd8 19. Red1 Bf8 20. Be2 Qd7 21. Bf3 f6 22. Bg3 Rd8 23. e4 Bf7 24. Rc2 Bd6 25. Bxd6 Qxd6 26. Rcd2 Kf8 27. e5 Qe7 28. exf6 Qxf6 29. Qe3 Re8 30. Re2 Rad8 31. Qc3 e5 32. Rxe5 Rxe5 33. dxe5 Rxd1+ 34. Bxd1 Qd8 35. Bb3 Bxb3 36. Qxb3 b5 37. Qf3+ Kg8 38. Qxc6 Qd1+ 39. Kh2 Qe2 40. Qe6+ Kh8 41. Qf5 Qxb2 42. e6 Qxa3 43. Qf7 1-0

[Event "EUR-chT Seniors 65"]
[Site "Mali Losinj"]
[Date "2019.09.26"]
[Round "9.4"]
[White "Staechelin, Ruedi"]
[Black "Vinke, Dietmar"]
[Result "1/2-1/2"]
[WhiteElo "2002"]
[BlackElo "2129"]
[PlyCount "60"]
[EventDate "2019.09.18"]
[EventType "team-swiss"]
[EventRounds "9"]
[EventCountry "CRO"]
[SourceTitle "EXT 2020"]
[Source "ChessBase"]
[SourceDate "2019.10.17"]
[SourceVersion "1"]
[SourceVersionDate "2019.10.17"]
[SourceQuality "1"]
[WhiteTeam "Switzerland 65"]
[BlackTeam "Finland 65"]
[WhiteTeamCountry "SUI"]
[BlackTeamCountry "FIN"]

1. e4 c6 2. d3 g6 3. Nd2 Bg7 4. g3 e5 5. Bg2 Ne7 6. Ne2 0-0 7. 0-0 d6 8. c3 Be6 9. d4 Qd7 10. dxe5 dxe5 11. Nb3 Bc4 12. Qxd7 Nxd7 13. Re1 b6 14. Be3 Nf6 15. f3 Rad8 16. Kf2 Rd6 17. Red1 Rfd8 18. Ke1 Nc8 19. Bh3 Ne7 20. Rxd6 Rxd6 21. Rd1 Ne8 22. Nec1 Rxd1+ 23. Kxd1 Nd6 24. Nd2 Ba6 25. b3 f5 26. Kc2 c5 27. Bg2 Kf7 28. a4 fxe4 29. fxe4 Ng8 30. Nd3 Bxd3+ 1/2-1/2

[Event "EUR-chT Seniors 65"]
[Site "Mali Losinj"]
[Date "2019.09.20"]
[Round "3.3"]
[White "Staechelin, Ruedi"]
[Black "Van de Wynkele, Herman"]
[Result "1-0"]
[WhiteElo "2002"]
[BlackElo "2085"]
[PlyCount "69"]
[EventDate "2019.09.18"]
[EventType "team-swiss"]
[EventRounds "9"]
[EventCountry "CRO"]
[SourceTitle "EXT 2020"]
[Source "ChessBase"]
[SourceDate "2019.10.17"]
[SourceVersion "1"]
[SourceVersionDate "2019.10.17"]
[SourceQuality "1"]
[WhiteTeam "Switzerland 65"]
[BlackTeam "Belgium 65"]
[WhiteTeamCountry "SUI"]
[BlackTeamCountry "BEL"]

1. e4 g6 2. d4 Bg7 3. Nc3 c6 4. Nf3 d6 5. h3 b5 6. Be3 Bb7 7. Bd3 a6 8. Qd2 Nd7 9. Ne2 d5 10. e5 c5 11. c3 c4 12. Bc2 Qb6 13. 0-0 h6 14. a4 e6 15. axb5 axb5 16. Rxa8+ Bxa8 17. Ra1 Bb7 18. b4 cxb3 19. Bxb3 Ne7 20. Bc2 Nf5 21. Bf4 g5 22. Bh2 0-0 23. g4 Ne7 24. h4 gxh4 25. Nxh4 f6 26. Qd3 Ra8 27. Qh7+ Kf8 28. Rxa8+ Bxa8 29. Nf4 fxe5 30. Nfg6+ Kf7 31. Bxe5 Nf6 32. Bxf6 Kxf6 33. Nxe7 Qd8 34. Ng8+ Kf7 35. Nxh6+ 1-0

[Event "WchT Seniors 65"]
[Site "Hersonissos"]
[Date "2017.04.30"]
[Round "7.3"]
[White "Staechelin, Ruedi"]
[Black "Van Kemenade, Rudy"]
[Result "0-1"]
[WhiteElo "2092"]
[BlackElo "1914"]
[PlyCount "32"]
[EventDate "2017.04.24"]
[EventType "team-swiss"]
[EventRounds "9"]
[EventCountry "GRE"]
[SourceTitle "CBM 178 Extra"]
[Source "ChessBase"]
[SourceDate "2017.06.22"]
[SourceVersion "1"]
[SourceVersionDate "2017.06.22"]
[SourceQuality "1"]
[WhiteTeam "Switzerland"]
[BlackTeam "Wales"]
[WhiteTeamCountry "SUI"]
[BlackTeamCountry "WLS"]

1. e4 e5 2. Nf3 Nf6 3. Nxe5 d6 4. Nf3 Nxe4 5. Nc3 Nxc3 6. dxc3 Be7 7. Bf4 0-0 8. Qd2 b6 9. 0-0-0 Bb7 10. Kb1 Nd7 11. Nd4 Nc5 12. Nf5 Bf6 13. f3 Qd7 14. Ne3 Ne6 15. Ng4 Be7 16. Ne3 Nxf4 0-1

[Event "Basel op"]
[Site "Basel"]
[Date "2014.01.02"]
[Round "2"]
[White "Wittke, Christian"]
[Black "Staechelin, Ruedi"]
[Result "1/2-1/2"]
[WhiteElo "2168"]
[BlackElo "2081"]
[PlyCount "96"]
[EventDate "2014.01.01"]
[EventType "swiss"]
[EventRounds "7"]
[EventCountry "SUI"]
[SourceTitle "CBM 158 Extra"]
[Source "ChessBase"]
[SourceDate "2014.02.28"]
[SourceVersion "1"]
[SourceVersionDate "2014.02.28"]
[SourceQuality "1"]

1. d4 d5 2. c4 c6 3. Nf3 Nf6 4. Nc3 a6 5. e3 b5 6. cxd5 cxd5 7. Bd3 Bg4 8. h3 Bh5 9. e4 e6 10. e5 Nfd7 11. 0-0 Nc6 12. Be3 Bg6 13. Rc1 Bxd3 14. Qxd3 Qb6 15. Ng5 Nb4 16. Qb1 h6 17. Nf3 Be7 18. Ne2 0-0 19. Nf4 Rfc8 20. Nh5 Qd8 21. Nh2 Rxc1 22. Rxc1 Rc8 23. a3 Nc6 24. Ng4 Bf8 25. Qd3 Ne7 26. Bxh6 Nf5 27. Rxc8 Qxc8 28. Bd2 Qc4 29. Qxc4 bxc4 30. Bc3 Nb6 31. Ne3 Nxe3 32. fxe3 Na4 33. Kf1 Bxa3 34. Ke1 Bxb2 35. Bxb2 Nxb2 36. Kd2 Na4 37. Ng3 a5 38. e4 g6 39. exd5 exd5 40. Nf1 Nb6 41. Ne3 Kf8 42. h4 Ke7 43. g4 Ke6 44. h5 gxh5 45. gxh5 Nd7 46. h6 Nf8 47. Kc3 Nh7 48. Kc2 Ng5 1/2-1/2

[Event "Basel op"]
[Site "Basel"]
[Date "2014.01.01"]
[Round "1"]
[White "Staechelin, Ruedi"]
[Black "Stets, Dmitry"]
[Result "0-1"]
[WhiteElo "2081"]
[BlackElo "2412"]
[PlyCount "82"]
[EventDate "2014.01.01"]
[EventType "swiss"]
[EventRounds "7"]
[EventCountry "SUI"]
[SourceTitle "CBM 158 Extra"]
[Source "ChessBase"]
[SourceDate "2014.02.28"]
[SourceVersion "1"]
[SourceVersionDate "2014.02.28"]
[SourceQuality "1"]

1. e4 c5 2. Nf3 Nc6 3. Bb5 d6 4. 0-0 Bd7 5. Re1 e5 6. c3 Nf6 7. d4 Be7 8. d5 Nb8 9. Qa4 0-0 10. Bxd7 Nbxd7 11. Nbd2 a6 12. Nf1 b5 13. Qd1 c4 14. Bg5 Nc5 15. Bxf6 Bxf6 16. Qe2 g6 17. Ng3 Bh4 18. Reb1 f5 19. Nxh4 Qxh4 20. f3 Rac8 21. b3 fxe4 22. fxe4 Rf4 23. Re1 Nd3 24. Rf1 Rcf8 25. bxc4 bxc4 26. Rab1 Qg5 27. Rf3 Rxf3 28. gxf3 h5 29. Kh1 Qf6 30. Nf1 Qxf3+ 31. Qxf3 Rxf3 32. Nd2 Nf2+ 33. Kg2 Rd3 34. Rb2 Nd1 35. Rb8+ Kg7 36. Nxc4 h4 37. Nxd6 h3+ 38. Kf1 Nxc3 39. Rb7+ Kf6 40. Rb3 Kg5 41. Nf7+ Kf4 0-1

[Event "Basel Hilton op 14th"]
[Site "Basel"]
[Date "2012.01.03"]
[Round "4"]
[White "Heinis, Vincent"]
[Black "Staechelin, Ruedi"]
[Result "1-0"]
[WhiteElo "2146"]
[BlackElo "2079"]
[PlyCount "71"]
[EventDate "2012.01.01"]
[EventType "swiss"]
[EventRounds "7"]
[EventCountry "SUI"]
[SourceTitle "CBM 146 Extra"]
[Source "ChessBase"]
[SourceDate "2012.02.29"]
[SourceVersion "1"]
[SourceVersionDate "2012.02.29"]
[SourceQuality "1"]

1. Nf3 d5 2. c4 c6 3. g3 Nf6 4. Bg2 e6 5. b3 Be7 6. 0-0 0-0 7. Bb2 b6 8. e3 Bb7 9. Nc3 Nbd7 10. Qe2 Rc8 11. d4 Qc7 12. Rfd1 Rfd8 13. Rac1 Qb8 14. e4 Nxe4 15. Nxe4 dxe4 16. Qxe4 c5 17. Qe2 Bf6 18. d5 exd5 19. cxd5 Bxb2 20. Qxb2 Nf6 21. Nh4 Rc7 22. Nf5 Rcd7 23. Rc4 Re8 24. d6 Bxg2 25. Rg4 Re6 26. Rxg7+ Kf8 27. Rxh7 Kg8 28. Rg7+ Kf8 29. Rh7 Kg8 30. Rg7+ Kf8 31. Kxg2 Rdxd6 32. Rxd6 Rxd6 33. Nxd6 Qxd6 34. Rg5 Nd7 35. Qh8+ Ke7 36. Qh4 1-0

[Event "Basel Hilton op 14th"]
[Site "Basel"]
[Date "2012.01.01"]
[Round "1"]
[White "Enchev, Ivajlo"]
[Black "Staechelin, Ruedi"]
[Result "1-0"]
[WhiteElo "2430"]
[BlackElo "2079"]
[PlyCount "81"]
[EventDate "2012.01.01"]
[EventType "swiss"]
[EventRounds "7"]
[EventCountry "SUI"]
[SourceTitle "CBM 146 Extra"]
[Source "ChessBase"]
[SourceDate "2012.02.29"]
[SourceVersion "1"]
[SourceVersionDate "2012.02.29"]
[SourceQuality "1"]

1. d4 d5 2. c4 c6 3. Nc3 Nf6 4. Nf3 e6 5. e3 Nbd7 6. Qc2 Be7 7. Bd3 0-0 8. 0-0 h6 9. Rd1 b6 10. b3 Bb7 11. Bb2 Rc8 12. Qe2 Re8 13. Rac1 Bf8 14. Bb1 Qe7 15. Ne5 Nxe5 16. dxe5 Nd7 17. f4 g6 18. Kh1 Bg7 19. cxd5 cxd5 20. e4 dxe4 21. Nxe4 Rxc1 22. Bxc1 Bxe4 23. Qxe4 Nc5 24. Qd4 Rc8 25. Be3 Bf8 26. Qc4 Rd8 27. Rxd8 Qxd8 28. Bc2 Qd7 29. Kg1 Kg7 30. b4 b5 31. Qd4 Qxd4 32. Bxd4 Na4 33. a3 Nb6 34. Bd3 Nc4 35. Bxc4 bxc4 36. Bxa7 f6 37. Kf2 fxe5 38. fxe5 Kf7 39. Ke3 Ke8 40. Kd4 Bg7 41. Bb8 1-0

[Event "Oberliga Baden 1011"]
[Site "Baden"]
[Date "2011.02.27"]
[Round "7.7"]
[White "Heuser, Philip"]
[Black "Staechelin, Ruedi"]
[Result "1-0"]
[WhiteElo "2106"]
[BlackElo "2129"]
[PlyCount "39"]
[EventDate "2010.10.10"]
[EventType "team-tourn"]
[EventRounds "9"]
[EventCountry "GER"]
[SourceTitle "EXT 2012"]
[Source "ChessBase"]
[SourceDate "2011.11.24"]
[SourceVersion "1"]
[SourceVersionDate "2011.11.24"]
[SourceQuality "1"]
[WhiteTeam "Kirchheim"]
[BlackTeam "Brombach"]
[WhiteTeamCountry "GER"]
[BlackTeamCountry "GER"]

1. d4 d5 2. c4 c6 3. Nc3 Nf6 4. cxd5 cxd5 5. Bf4 a6 6. e3 Nc6 7. Bd3 e6 8. Rc1 Be7 9. h3 Bd7 10. Nf3 Rc8 11. Ne5 0-0 12. g4 Nxe5 13. Bxe5 Bc6 14. g5 Nd7 15. Bxh7+ Kxh7 16. Qh5+ Kg8 17. Bxg7 Kxg7 18. Qh6+ Kg8 19. g6 Nf6 20. Rg1 1-0

[Event "Basel Hilton op 12th"]
[Site "Basel"]
[Date "2010.01.02"]
[Round "3"]
[White "Staechelin, Ruedi"]
[Black "Sommerhalder, Eric"]
[Result "1/2-1/2"]
[WhiteElo "2129"]
[BlackElo "1899"]
[PlyCount "66"]
[EventDate "2010.01.01"]
[EventType "swiss"]
[EventRounds "7"]
[EventCountry "SUI"]
[SourceTitle "CBM 134 Extra"]
[Source "ChessBase"]
[SourceDate "2010.03.03"]
[SourceVersion "1"]
[SourceVersionDate "2010.03.03"]
[SourceQuality "1"]

1. e4 c5 2. Nf3 d6 3. Bb5+ Nd7 4. 0-0 a6 5. Bxd7+ Bxd7 6. c3 Nf6 7. Re1 g6 8. d4 cxd4 9. cxd4 Bg7 10. Nc3 0-0 11. h3 b5 12. Bf4 Bc6 13. d5 Bb7 14. Qd2 Rc8 15. Bh6 b4 16. Bxg7 Kxg7 17. Nd1 Qb6 18. b3 a5 19. Nb2 Ba6 20. Nd4 Rc7 21. Na4 Qb7 22. f3 Bb5 23. Rac1 Rfc8 24. Rxc7 Rxc7 25. Rc1 Rxc1+ 26. Qxc1 Bxa4 27. bxa4 Qb6 28. Qe3 Nd7 29. Kf2 Qc5 30. Nb3 Qc2+ 31. Qe2 Qc3 32. Qe3 Qc2+ 33. Qe2 Qc3 1/2-1/2

[Event "Basel Hilton op 09th"]
[Site "Basel"]
[Date "2007.01.05"]
[Round "5"]
[White "Giertz, Niklaus"]
[Black "Staechelin, Ruedi"]
[Result "1-0"]
[WhiteElo "2342"]
[BlackElo "2141"]
[PlyCount "169"]
[EventDate "2007.01.01"]
[EventType "swiss"]
[EventRounds "7"]
[EventCountry "SUI"]
[SourceTitle "CBM 116 Extra"]
[Source "ChessBase"]
[SourceDate "2007.03.07"]
[SourceVersion "1"]
[SourceVersionDate "2007.03.07"]
[SourceQuality "1"]

1. d4 d5 2. c4 c6 3. cxd5 cxd5 4. Nf3 Nf6 5. Nc3 Nc6 6. Bf4 a6 7. e3 Bg4 8. h3 Bxf3 9. Qxf3 e6 10. Bd3 h6 11. 0-0 Bd6 12. Bxd6 Qxd6 13. Qe2 0-0 14. Rac1 b5 15. a4 b4 16. Nb1 Na5 17. Nd2 Qb6 18. Rc2 Rfc8 19. Rfc1 Rxc2 20. Rxc2 g6 21. b3 Kg7 22. Qd1 Ne8 23. Rc1 Nd6 24. Nf3 Rc8 25. Rxc8 Nxc8 26. Ne5 Nc6 27. Nd7 Qa7 28. Nc5 a5 29. Qc2 N6e7 30. Be2 Qb6 31. Nd7 Qc6 32. Qxc6 Nxc6 33. Kf1 Nd6 34. Bd3 g5 35. Nc5 Kf8 36. Ke2 Ke7 37. f3 Kf6 38. Kf2 Ke7 39. g3 f6 40. f4 gxf4 41. gxf4 e5 42. dxe5 fxe5 43. fxe5 Nxe5 44. Bc2 Kf6 45. Kg3 Nc6 46. Kf4 Nd8 47. Bh7 Kg7 48. Bf5 Kf6 49. Nd7+ Ke7 50. Nc5 N6f7 51. Bg4 Kf6 52. Nd7+ Ke7 53. Ne5 Kf6 54. Nd7+ Ke7 55. Nb6 Kd6 56. Bf3 Ne6+ 57. Kf5 d4 58. Nc4+ Ke7 59. Nxa5 Nfd8 60. exd4 Nxd4+ 61. Ke4 N8c6 62. Nxc6+ Nxc6 63. Kd5 Kd7 64. Bd1 Kc7 65. Kc5 Kd7 66. Bf3 Ne5 67. Bg4+ Kc7 68. Kxb4 Nd3+ 69. Kc3 Nf4 70. Kd4 h5 71. Bf5 h4 72. b4 Ne2+ 73. Kc5 Kb7 74. a5 Nc3 75. b5 Na4+ 76. Kb4 Nb2 77. Be4+ Kb8 78. Kc5 Na4+ 79. Kc6 Nb2 80. b6 Nc4 81. a6 Na5+ 82. Kb5 Nb7 83. a7+ Ka8 84. Bxb7+ Kxb7 85. Kc5 1-0